[Event "Krakow op-B 29th"]
[Site "Krakow"]
[Date "2018.12.29"]
[Round "3"]
[White "Brylski, Pawel"]
[Black "Zelak, Wladyslaw"]
[Result "1-0"]
[WhiteElo "1975"]
[BlackElo "1833"]
[PlyCount "83"]
[EventDate "2018.12.27"]
[EventType "swiss"]
[EventRounds "9"]
[EventCountry "POL"]
[SourceTitle "CBM 189 Extra"]
[Source "ChessBase"]
[SourceDate "2019.06.03"]
[SourceVersion "1"]
[SourceVersionDate "2019.06.03"]
[SourceQuality "1"]

1. e4 c5 2. Nc3 d6 3. f4 Nf6 4. Nf3 e6 5. Bb5+ Nc6 6. Bxc6+ bxc6 7. d3 Nd7 8. 0-0 Be7 9. Qe1 0-0 10. Qg3 Ba6 11. f5 e5 12. b3 Bb7 13. Bh6 Bf6 14. Qg4 d5 15. Kh1 Qe7 16. Rae1 Rfe8 17. Bc1 Qd6 18. Ng5 Bd8 19. Qh5 Bxg5 20. Bxg5 f6 21. Bc1 Nf8 22. Rf3 Re7 23. Ba3 g6 24. Qh6 Rg7 25. Na4 Nd7 26. Qe3 d4 27. Qd2 a5 28. fxg6 Rxg6 29. Ref1 Kg7 30. Qe1 Qe7 31. Qh4 Ba6 32. Rh3 Rh8 33. Qe1 Qe6 34. Bxc5 Bb5 35. Qxa5 Bxa4 36. bxa4 Qxa2 37. Qc7 Qe6 38. a5 Ra8 39. Bb4 Kh8 40. Rh4 Qa2 41. Rf5 Qe6 42. Rhh5 1-0

[Event "Krakow op-B 29th"]
[Site "Krakow"]
[Date "2018.12.27"]
[Round "1"]
[White "Barchuk, Irina"]
[Black "Zelak, Wladyslaw"]
[Result "0-1"]
[WhiteElo "2023"]
[BlackElo "1833"]
[PlyCount "86"]
[EventDate "2018.12.27"]
[EventType "swiss"]
[EventRounds "9"]
[EventCountry "POL"]
[SourceTitle "CBM 189 Extra"]
[Source "ChessBase"]
[SourceDate "2019.06.03"]
[SourceVersion "1"]
[SourceVersionDate "2019.06.03"]
[SourceQuality "1"]

1. e4 c5 2. Nf3 d6 3. d4 cxd4 4. Nxd4 Nf6 5. Nc3 a6 6. Be3 e5 7. Nb3 Be6 8. Qd2 Nbd7 9. 0-0-0 Be7 10. f4 Ng4 11. g3 Nxe3 12. Qxe3 b5 13. Kb1 b4 14. Nd5 Bxd5 15. exd5 0-0 16. Bd3 a5 17. f5 a4 18. Nd2 Bg5 19. Qe2 Bxd2 20. Qxd2 Nc5 21. Qxb4 a3 22. b3 e4 23. Bxe4 Qf6 24. c3 Rab8 25. Qd4 Nxe4 26. Qxe4 Qxc3 27. Qc2 Qf6 28. g4 Rfc8 29. Qd2 Rc5 30. Qd4 Qh4 31. Rhe1 Qxh2 32. Rd2 Qh4 33. Rde2 h5 34. Rg1 Rbc8 35. Qf4 Rxd5 36. Qa4 Qg3 37. Re8+ Kh7 38. Rxc8 Qxg1+ 39. Rc1 Rd1 40. Qxa3 h4 41. b4 Rxc1+ 42. Qxc1 Qxc1+ 43. Kxc1 h3 0-1

[Event "Warsaw-chA 67th"]
[Site "Warsaw"]
[Date "2018.11.17"]
[Round "6"]
[White "Sanz Wawer, Daniel"]
[Black "Zelak, Wladyslaw"]
[Result "1-0"]
[WhiteElo "2192"]
[BlackElo "1815"]
[PlyCount "77"]
[EventDate "2018.11.12"]
[EventType "swiss"]
[EventRounds "9"]
[EventCountry "POL"]
[SourceTitle "CBM 187 Extra"]
[Source "ChessBase"]
[SourceDate "2018.11.04"]
[SourceVersion "1"]
[SourceVersionDate "2018.11.04"]
[SourceQuality "1"]

1. d4 Nf6 2. c4 g6 3. f3 Bg7 4. e4 d6 5. Nc3 0-0 6. Nge2 Nc6 7. Be3 a6 8. Qd2 Rb8 9. Rc1 Bd7 10. Nd1 b5 11. c5 e6 12. g3 d5 13. e5 Ne8 14. Bg2 b4 15. 0-0 a5 16. g4 a4 17. f4 f5 18. exf6 Nxf6 19. g5 Ng4 20. Nf2 Nxe3 21. Qxe3 Qe7 22. Ng4 Rf7 23. Ne5 Bxe5 24. fxe5 b3 25. Rxf7 Qxf7 26. a3 Na5 27. Rf1 Qe7 28. Rf6 Nc4 29. Qc1 Rf8 30. Nf4 c6 31. Bf1 Na5 32. Qc3 Nb7 33. h4 Rxf6 34. exf6 Qd8 35. Nd3 Qc7 36. Ne5 Be8 37. Qb4 Bd7 38. Ba6 Nd8 39. Qb6 1-0

[Event "Warsaw-chA 67th"]
[Site "Warsaw"]
[Date "2018.11.12"]
[Round "1"]
[White "Zelak, Wladyslaw"]
[Black "Praczukowski, Stanislaw"]
[Result "1-0"]
[WhiteElo "1815"]
[BlackElo "2140"]
[PlyCount "51"]
[EventDate "2018.11.12"]
[EventType "swiss"]
[EventRounds "9"]
[EventCountry "POL"]
[SourceTitle "CBM 187 Extra"]
[Source "ChessBase"]
[SourceDate "2018.11.04"]
[SourceVersion "1"]
[SourceVersionDate "2018.11.04"]
[SourceQuality "1"]

1. e4 c6 2. d4 d5 3. e5 c5 4. dxc5 e6 5. a3 Bxc5 6. Qg4 g6 7. Bd3 Nd7 8. Nf3 Qc7 9. Qg3 Ne7 10. Nc3 a6 11. Bh6 b5 12. 0-0 Bb7 13. Rfe1 Nf5 14. Bxf5 gxf5 15. Qg7 0-0-0 16. Ng5 Bf8 17. Qxf7 d4 18. Nxe6 Qc6 19. Ne4 Nxe5 20. Qxf5 Bxh6 21. Nxd8+ Kxd8 22. Qxe5 Rg8 23. Qb8+ Bc8 24. Qd6+ Qxd6 25. Nxd6 Bd7 26. Nf7+ 1-0

[Event "Lazy op 14th"]
[Site "Lazy"]
[Date "2018.07.02"]
[Round "8"]
[White "Luczak, Filip"]
[Black "Zelak, Wladyslaw"]
[Result "1-0"]
[WhiteElo "2044"]
[BlackElo "1779"]
[PlyCount "105"]
[EventDate "2018.06.24"]
[EventType "swiss"]
[EventRounds "9"]
[EventCountry "POL"]
[SourceTitle "CBM 185 Extra"]
[Source "ChessBase"]
[SourceDate "2018.07.29"]
[SourceVersion "1"]
[SourceVersionDate "2018.07.29"]
[SourceQuality "1"]

1. Nf3 Nf6 2. g3 g6 3. Bg2 Bg7 4. 0-0 0-0 5. d4 d6 6. Re1 Nbd7 7. e4 e5 8. Nc3 c6 9. a4 a5 10. h3 Nh5 11. Be3 Qe8 12. d5 c5 13. Nb5 Qe7 14. Nd2 Nb6 15. c3 Bd7 16. Qb3 Bxb5 17. Qxb5 Nd7 18. Bf3 Nhf6 19. Nc4 Rfb8 20. Nxa5 Ne8 21. Nc4 f5 22. exf5 gxf5 23. Bg2 Kh8 24. a5 Ra6 25. Nb6 Nxb6 26. axb6 Rba8 27. Rxa6 Rxa6 28. b4 cxb4 29. c4 Ra2 30. Qxb4 e4 31. c5 dxc5 32. Bxc5 Qd7 33. Rd1 Rb2 34. Qa3 h5 35. Bf1 Kh7 36. d6 Rc2 37. Bb4 Be5 38. Rd5 Bf6 39. Bb5 Qd8 40. d7 Ng7 41. Rc5 Rxc5 42. Bxc5 Ne6 43. Be3 Nd4 44. Qc5 Nf3+ 45. Kg2 Kg6 46. Bf4 Qa8 47. Qc8 Qa1 48. Qc1 Qa5 49. Qc4 Qxb6 50. Qg8+ Bg7 51. d8Q Ne1+ 52. Kh1 Qxf2 53. Be8# 1-0

[Event "Lazy op 14th"]
[Site "Lazy"]
[Date "2018.06.29"]
[Round "6"]
[White "Hasterok, Mateusz"]
[Black "Zelak, Wladyslaw"]
[Result "1/2-1/2"]
[WhiteElo "1837"]
[BlackElo "1779"]
[PlyCount "133"]
[EventDate "2018.06.24"]
[EventType "swiss"]
[EventRounds "9"]
[EventCountry "POL"]
[SourceTitle "CBM 185 Extra"]
[Source "ChessBase"]
[SourceDate "2018.07.29"]
[SourceVersion "1"]
[SourceVersionDate "2018.07.29"]
[SourceQuality "1"]

1. d4 Nf6 2. c4 g6 3. Nc3 Bg7 4. e4 0-0 5. Nf3 d6 6. h3 e5 7. d5 Nbd7 8. Be2 Nc5 9. Qc2 a5 10. g4 c6 11. Be3 Na6 12. dxc6 bxc6 13. 0-0-0 Qc7 14. Qd2 Rd8 15. Nxe5 Be6 16. Nf3 d5 17. cxd5 cxd5 18. e5 Ne4 19. Qd4 Rdc8 20. Bxa6 Rxa6 21. Rd3 Rc6 22. Kc2 Bf8 23. Qa7 Qd8 24. Nd4 R6c7 25. Nxe6 fxe6 26. Qb6 Qe8 27. Qxa5 Bc5 28. Nxe4 Bxe3+ 29. Rc3 Rxc3+ 30. bxc3 dxe4 31. fxe3 Ra8 32. Qb4 Rxa2+ 33. Kb3 Ra8 34. Kc2 Qf7 35. Qb3 Ra7 36. Rd1 Rb7 37. Qc4 Ra7 38. Rf1 Qd7 39. Rf6 Kg7 40. Rxe6 Ra1 41. Rd6 Qb7 42. Rd1 Rxd1 43. Kxd1 Qb1+ 44. Ke2 Qc2+ 45. Ke1 Qc1+ 46. Kf2 Qd2+ 47. Qe2 Qxc3 48. e6 Qf6+ 49. Kg3 Qe5+ 50. Kg2 Qxe6 51. Qb2+ Kh6 52. Qb8 Qf6 53. Qf4+ Kg7 54. Qxe4 Qb2+ 55. Kg3 Qc1 56. Qd4+ Kf7 57. e4 Qa3+ 58. Kg2 Ke6 59. Qd5+ Ke7 60. Qb7+ Kf6 61. Qc6+ Ke7 62. Qc7+ Ke6 63. Qxh7 Qb2+ 64. Kg3 Qc3+ 65. Kf2 Qd2+ 66. Kg3 Qe3+ 67. Kg2 1/2-1/2

[Event "Lazy op 14th"]
[Site "Lazy"]
[Date "2018.06.25"]
[Round "2"]
[White "Zelak, Wladyslaw"]
[Black "Grzesik, Gracjan"]
[Result "1/2-1/2"]
[WhiteElo "1779"]
[BlackElo "1884"]
[PlyCount "56"]
[EventDate "2018.06.24"]
[EventType "swiss"]
[EventRounds "9"]
[EventCountry "POL"]
[SourceTitle "CBM 185 Extra"]
[Source "ChessBase"]
[SourceDate "2018.07.29"]
[SourceVersion "1"]
[SourceVersionDate "2018.07.29"]
[SourceQuality "1"]

1. e4 c5 2. Nf3 d6 3. d4 cxd4 4. Nxd4 Nf6 5. Nc3 a6 6. h3 e5 7. Nde2 b5 8. Bg5 Nbd7 9. Nd5 Bb7 10. Ng3 h6 11. Bxf6 Nxf6 12. Nxf6+ Qxf6 13. a4 b4 14. Bc4 g6 15. a5 Qd8 16. 0-0 Be7 17. f4 exf4 18. Rxf4 0-0 19. Qf3 d5 20. Bxd5 Bxd5 21. exd5 Qc7 22. Ne4 Kg7 23. c4 Qxc4 24. d6 Bxd6 25. Nxd6 Qc5+ 26. Kh1 Qxd6 27. Rd1 Qe7 28. Re4 Qb7 1/2-1/2

[Event "Bialystok Zamenhof Memorial-C 35th"]
[Site "Bialystok"]
[Date "2017.12.30"]
[Round "7.19"]
[White "Backiel, Hubert"]
[Black "Zelak, Wladyslaw"]
[Result "0-1"]
[WhiteElo "1452"]
[BlackElo "1735"]
[PlyCount "86"]
[EventDate "2017.12.27"]
[EventType "swiss"]
[EventRounds "9"]
[EventCountry "POL"]
[SourceTitle "EXT 2023"]
[Source "ChessBase"]
[SourceDate "2022.10.05"]
[SourceVersion "1"]
[SourceVersionDate "2022.10.05"]
[SourceQuality "1"]

1. Nf3 Nf6 2. g3 g6 3. Bg2 Bg7 4. 0-0 0-0 5. d3 c5 6. e4 d6 7. Nc3 Nc6 8. Nd2 Rb8 9. f4 Bd7 10. Nf3 b5 11. h3 Ne8 12. g4 Nc7 13. f5 b4 14. Ne2 Nb5 15. Rb1 Ne5 16. Nxe5 dxe5 17. Be3 Rc8 18. Ng3 Rc6 19. g5 a5 20. h4 a4 21. h5 a3 22. c4 bxc3 23. Qb3 Nd4 24. Qxc3 gxh5 25. Bxd4 cxd4 26. Qxa3 h4 27. Nh5 h6 28. Nxg7 Kxg7 29. gxh6+ Rxh6 30. Bh3 e6 31. Kh2 exf5 32. exf5 Re8 33. Rg1+ Kh7 34. Qc5 Bc6 35. Bg2 e4 36. dxe4 Qc7+ 37. Kh1 h3 38. Bf3 Qf4 39. Rbf1 Bxe4 40. Bxe4 Qxe4+ 41. Kh2 Qe2+ 42. Kg3 Rg8+ 43. Kf4 Qe3# 0-1

[Event "Warsaw YMCA Autumn-B 191st"]
[Site "Warsaw"]
[Date "2017.09.26"]
[Round "2"]
[White "Zelak, Wladyslaw"]
[Black "Kwiek, Janusz"]
[Result "0-1"]
[WhiteElo "1735"]
[BlackElo "1546"]
[PlyCount "146"]
[EventDate "2017.09.19"]
[EventType "tourn"]
[EventRounds "13"]
[EventCountry "POL"]
[SourceTitle "EXT 2019"]
[Source "ChessBase"]
[SourceDate "2018.10.10"]
[SourceVersion "1"]
[SourceVersionDate "2018.10.10"]
[SourceQuality "1"]

1. d4 Nf6 2. c4 e6 3. Nc3 Bb4 4. Nf3 0-0 5. e3 b6 6. Bd3 Bb7 7. 0-0 Bxc3 8. bxc3 d6 9. Re1 Nbd7 10. e4 e5 11. Bg5 h6 12. Bh4 Re8 13. Qc2 Qc8 14. Bg3 Nh5 15. Nh4 Nxg3 16. hxg3 g6 17. Qe2 Nf8 18. f4 Qd8 19. Qf2 Bc8 20. Rf1 exd4 21. cxd4 Bb7 22. Rae1 Qd7 23. d5 Rad8 24. e5 c6 25. e6 fxe6 26. dxe6 Rxe6 27. Rxe6 Qxe6 28. f5 Qf6 29. Qe3 g5 30. Ng6 Nd7 31. Be4 Ne5 32. Nxe5 dxe5 33. c5 b5 34. Qa3 a6 35. Qf3 Rd4 36. Bc2 Kf8 37. Qh5 Bc8 38. Qg6 Qxg6 39. fxg6+ Kg8 40. Rf7 Be6 41. Rc7 Bd5 42. Ra7 Rd2 43. Bb3 Bxb3 44. axb3 Rb2 45. Rxa6 Rxb3 46. Rxc6 Rc3 47. Rc7 b4 48. c6 b3 49. Kf2 b2 50. Rb7 Rxc6 51. Rxb2 Kg7 52. Rb5 Re6 53. Ke3 Kxg6 54. g4 h5 55. gxh5+ Kxh5 56. Ke4 Kg4 57. Rb3 Rf6 58. g3 Rf2 59. Kxe5 Rf3 60. Rb2 Re3+ 61. Kf6 Rxg3 62. Rb5 Kh4 63. Rb8 Rf3+ 64. Kg6 g4 65. Rh8+ Kg3 66. Kg5 Rf4 67. Ra8 Rb4 68. Ra3+ Kh2 69. Ra2+ Kh3 70. Ra1 g3 71. Ra3 Kh2 72. Ra7 g2 73. Rh7+ Kg3 0-1

[Event "Rubinstein Memorial-C 53rd"]
[Site "Polanica Zdroj"]
[Date "2017.08.23"]
[Round "5"]
[White "Litner, Igor"]
[Black "Zelak, Wladyslaw"]
[Result "1-0"]
[WhiteElo "1991"]
[BlackElo "1758"]
[PlyCount "53"]
[EventDate "2017.08.19"]
[EventType "swiss"]
[EventRounds "9"]
[EventCountry "POL"]
[SourceTitle "CBM 180 Extra"]
[Source "ChessBase"]
[SourceDate "2017.10.06"]
[SourceVersion "1"]
[SourceVersionDate "2017.10.06"]
[SourceQuality "1"]

1. d4 Nf6 2. Nf3 g6 3. Bf4 d5 4. h3 Bg7 5. e3 0-0 6. Bd3 Nbd7 7. 0-0 Re8 8. Nbd2 c5 9. c3 b6 10. b4 Bb7 11. Bh2 Ne4 12. Rc1 Rc8 13. Qa4 e5 14. Nxe4 dxe4 15. Bb5 exf3 16. Bxd7 Qg5 17. Bg3 exd4 18. cxd4 fxg2 19. Rfe1 Qh5 20. Bxe8 Qxh3 21. Bh2 Bf8 22. bxc5 bxc5 23. Bd7 Qh4 24. Bxc8 Bd6 25. Qe8+ Kg7 26. f4 g5 27. Bxb7 1-0

[Event "Baltic Cup-B 1st"]
[Site "Darlowko"]
[Date "2017.06.27"]
[Round "4"]
[White "Zelak, Wladyslaw"]
[Black "Kaczmarek, Arkadiusz"]
[Result "1-0"]
[WhiteElo "1719"]
[BlackElo "1930"]
[PlyCount "87"]
[EventDate "2017.06.25"]
[EventType "swiss"]
[EventRounds "9"]
[EventCountry "POL"]
[SourceTitle "EXT 2019"]
[Source "ChessBase"]
[SourceDate "2018.10.10"]
[SourceVersion "1"]
[SourceVersionDate "2018.10.10"]
[SourceQuality "1"]

1. c4 c6 2. e4 e5 3. Nf3 d6 4. d4 Nd7 5. Nc3 Ngf6 6. Be2 g6 7. d5 Nc5 8. Qc2 a5 9. 0-0 cxd5 10. cxd5 Bd7 11. Be3 Rc8 12. Bxc5 Rxc5 13. Qb3 Qb8 14. Nd2 Bh6 15. Nc4 b5 16. Nxa5 b4 17. Nc6 Bxc6 18. dxc6 0-0 19. Nd5 Nxe4 20. Qd3 f5 21. c7 Qe8 22. Rfd1 Kh8 23. Qa6 Bd2 24. Qb7 Qd7 25. f3 Rxd5 26. Qxd5 Be3+ 27. Kf1 Qxc7 28. fxe4 fxe4+ 29. Ke1 Qc2 30. Qxd6 Bf2+ 31. Kf1 Bc5+ 32. Qxf8+ Bxf8 33. Rac1 Qxb2 34. Rc8 Kg7 35. Rd7+ Be7 36. Rxe7+ Kf6 37. Rec7 Qa1+ 38. Rc1 Qxa2 39. h4 Qd2 40. R1c6+ Kg7 41. R8c7+ Kf8 42. Rf6+ Ke8 43. Bb5+ Kd8 44. Rd7+ 1-0